000 00813cam a2200181 a 4500
999 _c8383
_d8383
020 _a0835713350
050 0 0 _aTK7871.85
_b.Ab2
100 1 _aAbbey, Augustus.
245 1 0 _aTechnological innovation :
_bthe R & D work environment /
_cby Augustus Abbey.
260 _aAnn Arbor, Mich. :
_bUMI Research Press,
_cc1982.
300 _aviii, 130 p. :
_bill. ;
_c24 cm.
440 0 _aResearch for business decisions ;
500 _aRevision of the author's thesis, University of Arizona, 1981.
500 _aIncludes index.
505 _a1. Introduction 2. Survey of the Literature 3. Research Methodology 4. Content Analysis of Interview 5. Scaling of the Innovation Index 6. Analysis of Result 7. Discussion and Conclusion
650 0 _aSemiconductor industry
_xTechnological innovations.
942 _cBK